00787nam a2200265Ia 4500008004100000020001500041050001000056050001600066100002300082245003400105245001900139260001800158260002500176260000900201300001500210300001100225440000900236500004100245650002300286650002400309650001800333650003300351999001900384952011800403170203s9999 xx 000 0 und d a9715015581 a226.3 b.H498k 1993 aHendrickx, Herman. 2aA key to the gospel of Mark / cMark Hendrickx aQuezon City : bClaretian Publishing c1993 a47 pages ; c21 cm. vviii aIncludes bibliographical references. a Bible. N.T. Mark  aBible. N.T. Gospels xCommenatries. xLiturgical lessons, English. c305409d305409 001040aSSISBbSSISBcHS NON-FICd2017-02-03l0o226.3 .H498k 1993pUS-2009r2017-02-03 00:00:00w2017-02-03yBK